| 000 | 00000nam 2200000zi 4500 |
| 001 | 9.917950 |
| 003 | CaOODSP |
| 005 | 20221202154013 |
| 006 | m o d f |
| 007 | cr |n||||||||| |
| 008 | 221202s20212021onc |o f000 0 fre d |
| 020 | |z9780660095684 |
| 040 | |aCaOODSP|bfre|erda|cCaOODSP |
| 043 | |an-cn--- |
| 086 | 1 |aBT22-153/2021F-PDF|zBT22-153/2015F-PDF |
| 245 | 10|aNorme de données de classification des articles d’approvisionnement. |
| 264 | 1|aOttawa, Ontario : |bSecrétariat du Conseil du Trésor du Canada, |cle 01 avril, 2021. |
| 264 | 4|c©2021 |
| 300 | |a1 ressource en ligne (7 pages) |
| 336 | |atexte|btxt|2rdacontent/fre |
| 337 | |ainformatique|bc|2rdamedia/fre |
| 338 | |aressource en ligne|bcr|2rdacarrier/fre |
| 500 | |aPublié aussi en anglais sous le titre : Data standard on classification of procurement items. |
| 500 | |aTitre de couverture. |
| 500 | |a« Publié : le 01 avr. 2021 ». |
| 520 | 0 |a« La présente norme appuie la réalisation des objectifs de la Politique sur la gestion financière en établissant les responsabilités du dirigeant principal des finances (DPF), qui doit s’assurer que les renseignements sur la classification des articles d’approvisionnement (tels que définis dans la présente norme) sont consignés pour chaque bien ou service acquis, de sorte que l’on dispose de renseignements financiers uniformes et fiables dans l’ensemble de l’appareil gouvernemental. La présente norme prévoit l’adoption de codes de classification communs des articles d’approvisionnement afin de permettre l’enregistrement, l’agrégation et la communication de l’information financière dans le système ministériel de gestion financière et du matériel (SMGFM (Système ministériel de gestion financière et du matériel)) » -- Contexte, page 2. |
| 650 | 6|aApprovisionnement public|xPolitique gouvernementale|zCanada. |
| 650 | 6|aApprovisionnement public|zCanada|xNormes. |
| 710 | 1 |aCanada. |bConseil du trésor, |eorganisme de publication. |
| 775 | 08|tData standard on classification of procurement items.|w(CaOODSP)9.917935 |
| 795 | |tNorme de données de classification des articles d’approvisionnement |b[2015]|w(CaOODSP)9.843281 |
| 856 | 40|qPDF|s219 Ko|uhttps://publications.gc.ca/collections/collection_2022/sct-tbs/BT22-153-2021-fra.pdf |
| 856 | 4 |qHTML|sS.O.|uhttps://www.tbs-sct.canada.ca/pol/doc-fra.aspx?id=28305 |